| 000 | 00511nam a2200169Ia 4500 | ||
|---|---|---|---|
| 999 |
_c8546 _d8546 |
||
| 003 | OSt | ||
| 005 | 20211122102414.0 | ||
| 008 | 190216s9999||||xx |||||||||||||| ||und|| | ||
| 040 | _coclc | ||
| 082 |
_a005.1 _bXAV/I |
||
| 100 |
_aXavier, C _95476 |
||
| 245 | 0 |
_aIntroduction To Computers And Basic Programming / _cC Xavier |
|
| 260 |
_bNew Age International Publishers, _c1996. _aNew Delhi: |
||
| 300 | _a549p | ||
| 650 | _aComputer Science | ||
| 942 |
_cBK _2ddc _h005.1 _iXAV/I _k005.1 _mXAV/I |
||